Электрокардиографические синдромы в клинике внутренних болезней. Ч. 2: Семиотика нарушений ритма сердца и проводимости (Запись № 13500360)
[ простой вид ]
| 000 -МАРКЕР | |
|---|---|
| контрольное поле | 02972nam2a2200301 4500 |
| 001 - ИДЕНТИФИКАТОР ЗАПИСИ | |
| контрольное поле | RU\NLR\BIBL_A\022679803 |
| 005 - ИДЕНТИФИКАТОР ВЕРСИИ | |
| контрольное поле | 20251228050834.0 |
| 010 ## - МЕЖДУНАРОДНЫЙ СТАНДАРТНЫЙ НОМЕР КНИГИ (ISBN) | |
| Номер (ISBN) | 978-5-907993-51-8 |
| Тираж | 50 |
| 035 ## - ДРУГИЕ СИСТЕМНЫЕ НОМЕРА | |
| Идентификатор записи | (NLR Aleph) 022679803 |
| 100 ## - ДАННЫЕ ОБЩЕЙ ОБРАБОТКИ | |
| Данные общей обработки | 20251204d2025 u y0rusy50 ca |
| 101 0# - ЯЗЫК РЕСУРСА | |
| Язык текста, звукозаписи и т.д. | русский |
| 102 ## - СТРАНА ПУБЛИКАЦИИ ИЛИ ПРОИЗВОДСТВА | |
| Страна публикации | российская федерация |
| 105 ## - ПОЛЕ КОДИРОВАННЫХ ДАННЫХ: ТЕКСТОВЫЕ МАТЕРИАЛЫ, МОНОГРАФИЧЕСКИЕ | |
| Кодированные данные о монографическом текстовом документе | a j 000yy |
| 200 1# - ЗАГЛАВИЕ И СВЕДЕНИЯ ОБ ОТВЕТСТВЕННОСТИ | |
| Основное заглавие | Семиотика нарушений ритма сердца и проводимости |
| Первые сведения об ответственности | профессора, д. м. н. Тимофеев Е. В. и Малев Э. Г., доцент к. м. н. Реева С. В. [и др.] |
| 210 ## - ПУБЛИКАЦИЯ, РАСПРОСТРАНЕНИЕ И ДР. | |
| Дата издания, распространения и т.д. | 2025 |
| 215 ## - ФИЗИЧЕСКАЯ ХАРАКТЕРИСТИКА | |
| Специфическое обозначение материала и объем | 26 с. |
| Другие сведения о физической характеристике | ил., цв. ил. |
| 320 ## - ПРИМЕЧАНИЯ О НАЛИЧИИ В ДОКУМЕНТЕ БИБЛИОГРАФИИ / УКАЗАТЕЛЯ | |
| Текст примечания | Библиогр.: с. 25 (5 назв.) |
| 461 #0 - УРОВЕНЬ НАБОРА | |
| Встроенное поле | 001RU\NLR\BIBL_A\022351450 |
| -- | 2001#$aЭлектрокардиографические синдромы в клинике внутренних болезней$eучебно-методическое пособие$eдля студентов педиатрического, лечебного и медико-профилактического факультетов$fпрофессор, д. м. н. Тимофеев Евгений Владимирович, Булавко Яна Александровна, доцент, к. м. н. Реева Светлана Вениаминовна [и др.]$gМинистерство здравоохранения Российской Федерации, Санкт-Петербургский государственный педиатрический медицинский университет$vЧ. 2 |
| Системный номер (АБИС) связанной записи | 13259845 |
| Место публикации | Cанкт-Петербург |
| Дата публикации | 2024- |
| Первые сведения об ответственности | профессор, д. м. н. Тимофеев Евгений Владимирович, Булавко Яна Александровна, доцент, к. м. н. Реева Светлана Вениаминовна [и др.] |
| Имя издателя, распространителя и т.д. | СПбГПМУ |
| Сведения, относящиеся к заглавию | учебно-методическое пособие : для студентов педиатрического, лечебного и медико-профилактического факультетов |
| Заглавие | Электрокардиографические синдромы в клинике внутренних болезней |
| Номер тома | Ч. 2 |
| 606 1# - НАИМЕНОВАНИЕ ТЕМЫ КАК ПРЕДМЕТ | |
| Наименование темы | Сердце |
| Формальный подзаголовок | Учебно-методические пособия для высших учебных заведений |
| Тематический подзаголовок | Аритмии |
| -- | Электрокардиография |
| Системный номер авторитетной/нормативной записи | 1641390 |
| Идентификатор авторитетной/нормативной записи | RU\NLR\AUTH\661024113 |
| 606 1# - НАИМЕНОВАНИЕ ТЕМЫ КАК ПРЕДМЕТ | |
| Наименование темы | Сердце |
| Формальный подзаголовок | Учебно-методические пособия для высших учебных заведений |
| Тематический подзаголовок | Проводящая система |
| -- | Патология |
| -- | Электрокардиография |
| Системный номер авторитетной/нормативной записи | 2233199 |
| Идентификатор авторитетной/нормативной записи | RU\NLR\AUTH\6601572535 |
| 686 1# - ИНДЕКСЫ ДРУГИХ КЛАССИФИКАЦИЙ | |
| Индекс | Р410.109-433.71я73 |
| 701 #1 - ИМЯ ЛИЦА - АЛЬТЕРНАТИВНАЯ ОТВЕТСТВЕННОСТЬ | |
| Начальный элемент ввода | Малев |
| Часть имени, кроме начального элемента ввода | Э. Г. |
| Расширение инициалов личного имени | Эдуард Геннадиевич |
| 701 #1 - ИМЯ ЛИЦА - АЛЬТЕРНАТИВНАЯ ОТВЕТСТВЕННОСТЬ | |
| Начальный элемент ввода | Реева |
| Часть имени, кроме начального элемента ввода | С. В. |
| Расширение инициалов личного имени | Светлана Вениаминовна |
| 942 ## - ДОПОЛНИТЕЛЬНЫЕ ЭЛЕМЕНТЫ ЗАПИСИ (АБИС) | |
| Тип экземпляра АБИС | Книга |
| 980 ## - КОЛЛЕКЦИЯ | |
| Название коллекции | Национальная библиография |
Нет доступных экземпляров.